Chess Openings Quiz - Statistics

General Stats
  • This quiz has been taken 7,078 times
  • The average score is 9 of 13
Answer Stats
Question Answer % Correct
There is a Netflix show that shares the name of this opening Queen's Gambit
91%
Najdorf, Sveshnikov and Rossolimo are variants of which defence? Sicilian Defence
88%
This system opening is named after a city in Europe London System
77%
Which opening is also known as the Spanish Opening? Ruy Lopez
75%
Which opening starts with 1. c4 ? English Opening
73%
Which opening can lead to the Fried Liver Attack? Italian Game
73%
A not very serious opening that includes 2. Ke2 Bongcloud
71%
Which piece will a player move first to play the Zukertort Opening? Knight
66%
Which common defence leads to the earliest queen move? Scandinavian Defence
57%
This opening is also known as the KIA King's Indian Attack
52%
To decline a Queen's Gambit a player might use this defence Slav Defence
50%
A general term for all games that start with 1. e4 e5 Open Games
40%
A general term for all games that start with 1. d4 d5 Closed Games
39%
No matching quizzes found
Score Distribution
Percent of People with Each Score
Percentile by Number Answered
Your Score History
You have not taken this quiz